Algunas Reflexiones en Torno al Pacto Mundial por una Migracin̤ Regular, Segura y Ordenada

Detalles Bibliográficos
Formato: eBook
Lenguaje:español
Publicado: Madrid: Dykinson, 2019
Materias:
Acceso en línea:Acceso restringido

MARC

LEADER 00000nam a22000007a 4500
005 20200522142626.0
007 cr|||| |||
008 200522s2019 es |||||s|||| 00||0 spa d
020 |a 978-84-1324-616-1 
035 |a 31431 
040 |a vLex 
090 |c 10376  |d 10376 
245 0 0 |a Algunas Reflexiones en Torno al Pacto Mundial por una Migracin̤ Regular, Segura y Ordenada  |h [Recurso electrn̤ico] / 
256 |a Servicio en ln̕ea 
260 |a Madrid:  |b Dykinson,  |c 2019 
300 |a 1 recurso electrn̤ico 
506 1 |a Disponible solo en los productos indicados  |d vLex Global  |d vLex Global (Academic Edition, excluding Law Schools)  |d vLex Global (U.S. Academic Edition, Law Schools)  |d vLex Global (U.S. Academic Edition, excluding Law Schools)  |d vLex Global (Academic Edition, Law Schools) 
650 0 4 |a Derecho Internacional  |z Espaą 
650 0 4 |a Defensa  |z Espaą 
740 0 |a vLex Libros (Servicio en ln̕ea) 
856 4 0 |u http://vlex.com/source/algunas-reflexiones-torno-pacto-mundial-migracion-regular-segura-ordenada-31431  |z Acceso restringido 
942 |c BOOK 
999 0 |a International Law 
999 0 |a Defense